书目信息 |
| 题名: |
材料表面强化技术
|
|
| 作者: | 孙希泰 编著 | |
| 分册: | ||
| 出版信息: | 北京 化学工业出版社 2005 |
|
| 页数: | 410页 | |
| 开本: | 26cm | |
| 丛书名: | ||
| 单 册: | ||
| 中图分类: | TG174 | |
| 科图分类: | ||
| 主题词: | 金属表面处理 | |
| 电子资源: | ||
| ISBN: | 7-5025-6641-4 | |
| 000 | 00723nam0 2200217 450 | |
| 001 | 002854330 | |
| 005 | 20061107110158.90 | |
| 010 | @a7-5025-6641-4@dCNY55.00 | |
| 100 | @a20050331d2005 em y0chiy0110 ea | |
| 101 | 0 | @achi |
| 102 | @aCN@b110000 | |
| 105 | @ay z 000yy | |
| 200 | 1 | @a材料表面强化技术@9cai liao biao mian qiang hua ji shu@f孙希泰等编著 |
| 210 | @a北京@c化学工业出版社@d2005 | |
| 215 | @a410页@d26cm | |
| 330 | @a本书按表面强化层形成的物理化学过程对表面强化技术进行分类,形成了表面强化技术的系统化与科学体系。重点阐述了水溶液沉积、固态相变等。 | |
| 606 | 0 | @a金属表面处理 |
| 690 | @aTG174@v4 | |
| 701 | 0 | @a孙希泰@9sun xi tai@f(1929.8~)@4编著 |
| 801 | 0 | @aCN@bNLC@c20061107 |
| 905 | @a10447@dTG174@e40 | |
| 材料表面强化技术/孙希泰等编著.-北京:化学工业出版社,2005 |
| 410页;26cm |
| ISBN 7-5025-6641-4:CNY55.00 |
| 本书按表面强化层形成的物理化学过程对表面强化技术进行分类,形成了表面强化技术的系统化与科学体系。重点阐述了水溶液沉积、固态相变等。 |
| ● |
| 相关链接 |
|
|
|
|
正题名:材料表面强化技术
索取号:TG174/40
 
预约/预借
| 序号 | 登录号 | 条形码 | 馆藏地/架位号 | 状态 | 备注 |
| 1 | 0381827 | 203818271 | 第二样本阅览室/ [索取号:TG174/40] | 在馆 | |
| 2 | 0381828 | 203818280 | 第三借阅区/ [索取号:TG174/40] | 在馆 | |
| 3 | 0381829 | 203818299 | 第三借阅区/ [索取号:TG174/40] | 在馆 |